Word Ladder: Han Solo Quotes Quiz Stats

 Plays Quiz Updated Apr 9, 2018

Challenge
Share
Tweet
Embed
Score 0/26 Timer 04:00
1 Play Today
Clue 4-Letter Word % Correct
Dismiss from a jobFIRE
96.2%
✩ I ____ orders from just one person. ME. ✩TAKE
95.1%
✩ We're all _____ here now, thank you. How are you? ✩FINE
94.9%
✩ Scoundrel? Scoundrel? I _____ the sound of that. ✩LIKE
94.9%
A large body of water surrounded by landLAKE
94.1%
✩ Sorry, Sweetheart. I haven't got _____ for anything else. ✩TIME
93.2%
To contact a person by phoneCALL
93%
✩ Never _____ me the odds! ✩TELL
92.3%
A tax paid to use a highway or bridgeTOLL
91.4%
✩ I never ask that question 'til after I've _____ it. ✩DONE
91.3%
A large hemispherical roof or ceilingDOME
91%
✩ Laugh it up, fuzz_____. ✩BALL
90.9%
A small childTIKE
90.7%
Clue 4-Letter Word % Correct
The prong on a forkTINE
90.5%
✩ If I _____ you, you wouldn't like it. ✩TOLD
90.4%
✩ Maybe you'd like it back in your _____, your Highness. ✩CELL
90.1%
A large or scholarly bookTOME
89.5%
To grasp, carry, or support with one's arms or hands.HOLD
89%
Metal drawn out into the form of a thin flexible thread or rodWIRE
88.7%
A usually imaginative narrative of an eventTALE
88.7%
A sound of definite pitch and vibrationTONE
88.2%
✩ Same thing I always do. _____ my way out of it. ✩TALK
87.7%
✩ Let him have it. It's not _____ to upset a Wookiee. ✩WISE
87.4%
A hollow place in a solid body or surfaceHOLE
87%
To refuse abruptly —used with 'at'BALK
82.9%
✩ Chewie, we're _____. ✩HOME
81.2%

Today's Daily Dose

You're not logged in!

Compare scores with friends on all Sporcle quizzes.
OR
Log In

You Might Also Like...

Show Comments

Extras

Top Quizzes Today


Score Distribution

Your Account Isn't Verified!

In order to create a playlist on Sporcle, you need to verify the email address you used during registration. Go to your Sporcle Settings to finish the process.

Report this User

Report this user for behavior that violates our Community Guidelines.

Details: